| 000 | 00760nam a2200217 a 4500 | ||
|---|---|---|---|
| 001 | 000021728 | ||
| 005 | 20251120073732.0 | ||
| 008 | 100910s1990 dr ab 000 0 spa d | ||
| 040 |
_aDO-SdBNP _bspa _cBNPHU |
||
| 082 |
_axxx _bP349b |
||
| 100 | 1 |
_aPeña, Altagracia _99461 |
|
| 245 | 1 | 0 |
_aBiblioteca escolar dominicana :. : _bun sistema para su organización / _cAltagracia Peña ; prólogo Ramón Pichardo Almonte. |
| 260 |
_aSantiago de los Caballeros : _bPUCMM, _c1990. |
||
| 300 |
_a167 p. : _bil. ; map. ; _c23 cm. |
||
| 490 | 1 | _aEstudios | |
| 504 | _aBibliografías : p. 145-150 | ||
| 700 | 1 |
_aPichardo Almonte, Ramón _epról. _945168 |
|
| 710 | 2 |
_aPontificia Universidad Católica Madre y Maestra _9843 |
|
| 830 | 0 |
_aEstudios _93854 |
|
| 049 | _aBNPD | ||
| 999 |
_c21227 _d21227 |
||